Svi kolodvori i stajališta hrvatskih željeznica - Statistics

General Stats
  • This quiz has been taken 37 times
    24 since last reset
  • The average score is 67 of 531
Answers on the Map
Answers color-coded by a green-red scale on the quiz's map according to % correct below.
 
Answer Stats
Answer % Correct
Dugo Selo
75%
Sisak
75%
Zagreb Glavni Kolodvor
75%
Vinkovci
70%
Osijek
65%
Rijeka
65%
Velika
65%
Bjelovar
60%
Čulinec
60%
Kuti
60%
Maksimir
60%
Ogulin
60%
Sesvete
60%
Slavonski Brod
60%
Split
60%
Virovitica
60%
Ivanić-Grad
55%
Karlovac
55%
Kutina
55%
Novska
55%
Pula
55%
Trnava
55%
Vukovar
55%
Čakovec
50%
Daruvar
50%
Požega
50%
Varaždin
50%
Zadar
50%
Zagreb Zapadni Kolodvor
50%
Banova Jaruga
45%
Knin
45%
Koprivnica
45%
Našice
45%
Šibenik
45%
Zabok
45%
Zaprešić
45%
Beli Manastir
40%
Gajnice
40%
Gospić
40%
Križevci
40%
Sesvetski Kraljevec
40%
Vrbovec
40%
Gradec
35%
Harmica
35%
Krapina
35%
Nova Gradiška
35%
Pakrac
35%
Sesvetska Sopnica
35%
Velika Gorica
35%
Vrapče
35%
Županja
35%
Benkovac
30%
Brdovec
30%
Ivankovo
30%
Ludbreg
30%
Luka
30%
Okučani
30%
Pleternica
30%
Ploče
30%
Popovača
30%
Slatina
30%
Zagreb Klara
30%
Bakar
25%
Bedekovčina
25%
Buzet
25%
Buzin
25%
Čaglin
25%
Dalj
25%
Đurđevac
25%
Erdut
25%
Gračac
25%
Kloštar
25%
Kustošija
25%
Lepavina
25%
Lipik
25%
Metković
25%
Mučna Reka
25%
Mursko Središće
25%
Odra
25%
Pazin
25%
Pčelič
25%
Pitomača
25%
Podsused Stajalište
25%
Remetinec
25%
Savski Marof
25%
Sisak Caprag
25%
Staro Petrovo Selo
25%
Strizivojna-Vrpolje
25%
Sunja
25%
Tovarnik
25%
Andrijevci
20%
Belišće
20%
Bizovac
20%
Blacko-Jakšić
20%
Botovo
20%
Božjakovina
20%
Cabuna
20%
Carevdar
20%
Đakovo
20%
Delnice
20%
Duga Resa
20%
Gunja
20%
Hrvatska Kostajnica
20%
Hrvatski Leskovac
20%
Ivanec
20%
Jastrebarsko
20%
Kaštel Stari
20%
Kaštel Sućurac
20%
Kotoriba
20%
Lekenik
20%
Lipovljani
20%
Nova Kapela-Batrina
20%
Novi Marof
20%
Novoselec
20%
Osijek Donji Grad
20%
Oštarije
20%
Otok
20%
Slavonski Šamac
20%
Solin
20%
Suhopolje
20%
Valpovo
20%
Virje
20%
Volinja
20%
Voloder
20%
Zagreb Resnik
20%
Antunovac
15%
Belavići
15%
Bregi
15%
Bučje-Koprivnica
15%
Čačinci
15%
Čakovec-Buzovec
15%
Darda
15%
Donja Stubica
15%
Donji Kraljevec
15%
Dragalić
15%
Draganići
15%
Dragovci
15%
Drenovci
15%
Drniš
15%
Drnje
15%
Đurmanec
15%
Generalski Stol
15%
Gornja Stubica
15%
Ilova
15%
Jalžabet
15%
Josipovac
15%
Kalinovac
15%
Kamanje
15%
Konjščina
15%
Koška
15%
Lepoglava
15%
Lič
15%
Lokve
15%
Ludina
15%
Lupoglav
15%
Macinec
15%
Majur
15%
Meja
15%
Mihaljevci
15%
Moslavačka Gračenica
15%
Nemetin
15%
Nova Bukovica
15%
Novoselci
15%
Nuštar
15%
Pojatno
15%
Rajić
15%
Ratkovica
15%
Repinec
15%
Repušnica
15%
Roč
15%
Sirač
15%
Skrad
15%
Škrljevo
15%
Sokolovac
15%
Stari Mikanovci
15%
Stubičke Toplice
15%
Sulkovci
15%
Sutla
15%
Sveti Križ Začretje
15%
Trenkovo
15%
Veliko Trgovišće
15%
Vidovec
15%
Virovitica Grad
15%
Višnjevac
15%
Višnjevac IPK
15%
Vodnjan
15%
Vukovar Borovo Naselje
15%
Zagreb Borongaj
15%
Zagreb Žitnjak
15%
Zbelava
15%
Andrijaševci
10%
Badljevina
10%
Bibinje
10%
Bijelo Brdo
10%
Brod Moravice
10%
Bršadin
10%
Budinščina
10%
Čehovec
10%
Čepin
10%
Cret
10%
Deanovec
10%
Đeletovci
10%
Donji Mihaljevec
10%
Dunjkovec
10%
Feričanci
10%
Frigis
10%
Fužine
10%
Garčin
10%
Golubovec
10%
Greda
10%
Horvati
10%
Hrvatska Dubica
10%
Hum-Lug
10%
Ilača
10%
Jelisavac
10%
Josipdol
10%
Kanfanar
10%
Karlovac Centar
10%
Kaštel Gomilica
10%
Knežci
10%
Kopanica-Beravci
10%
Kosovo
10%
Labin Dalmatinski
10%
Laduč
10%
Latin
10%
Latinovac
10%
Majurec
10%
Mala Subotica
10%
Malovan
10%
Mikleuš
10%
Moravice
10%
Mraclin
10%
Nadin
10%
Našicecement
10%
Našice Grad
10%
Normanci
10%
Novi Dvori
10%
Novigrad Podravski
10%
Ogulinski Hreljin
10%
Opuzen
10%
Oroslavje
10%
Osijek Dravski Most
10%
Osijek Luka
10%
Osijek OLT
10%
Ostrna
10%
Ozalj
10%
Pakrac Grad
10%
Pepelana
10%
Pivnica
10%
Podravska Bistrica
10%
Prečec
10%
Rasinja
10%
Sikirevci
10%
Škabrnje
10%
Sladojevci
10%
Spačva
10%
Špičkovina
10%
Špišić-Bukovica
10%
Split Predgrađe
10%
Stara Subocka
10%
Stupno
10%
Sveti Ivan Žabno
10%
Sveti Petar u Šumi
10%
Turčin
10%
Turopolje
10%
Velimirovac
10%
Vladislavci
10%
Vodovod
10%
Vojakovački Kloštar
10%
Vrata
10%
Vrbova
10%
Vrbovsko
10%
Vukosavljevica
10%
Zdenci-Orahovica
10%
Žeinci
10%
Zlatar Bistrica
10%
Zvečaj
10%
Bijela
5%
Blinjski Kut
5%
Brijest
5%
Brlog Grad
5%
Brodski Stupnik
5%
Bršadin-Lipovača
5%
Bubnjarci
5%
Budrovci
5%
Čeminac
5%
Cerje Tužno
5%
Ciglenik
5%
Cirkvena
5%
Čukovec
5%
Debeljak
5%
Đevrske
5%
Doljan
5%
Domagović
5%
Donja Vrba
5%
Donje Dubrave
5%
Dopsin
5%
Drivenik
5%
Dubrava Zabočka
5%
Đulovac
5%
Đurđenovac
5%
Ernestinovo
5%
Gornje Dubrave
5%
Gradec Stajalište
5%
Hromec
5%
Jankovci
5%
Jasenovac
5%
Kaštel Kambelovac
5%
Kistanje
5%
Košare
5%
Kožlovac
5%
Kukača
5%
Kunovec-Subotica
5%
Kupjak
5%
Kupljenovo
5%
Laslovo-Korođ
5%
Lazina
5%
Lepuri
5%
Ličko Lešće
5%
Lubena
5%
Martijanec
5%
Medak
5%
Međurić
5%
Mirkovci
5%
Mišulinovac
5%
Mrzlo Polje
5%
Našička Breznica
5%
Novakovec
5%
Novo Selo Rok
5%
Opatija-Matulji
5%
Oriovac
5%
Paulovac
5%
Perkovci
5%
Perković
5%
Petrove Gore
5%
Plase
5%
Plaški
5%
Plavno
5%
Prgomet
5%
Privlaka
5%
Prkos
5%
Raduč
5%
Radučić
5%
Rastević
5%
Remetinec Križevački
5%
Rijeka Brajdica
5%
Rogotin
5%
Samatovci
5%
Šapjane
5%
Sibinj
5%
Širinec
5%
Sirova Katalena
5%
Siverić
5%
Slobodnica
5%
Šoići
5%
Šopot
5%
Standard
5%
Staro Topolje
5%
Sukošan
5%
Šušak-Pećine
5%
Tounj
5%
Učka
5%
Unešić
5%
Vinkovci Bolnica stajalište
5%
Viškovci
5%
Vođinci
5%
Vrapčana
5%
Vrbanja
5%
Vrhovine
5%
Zadubravlje
5%
Zaprešić Savska
5%
Zarilac
5%
Zdenčina
5%
Žminj
5%
Žutnica
5%
Bakovići
0%
Banja
0%
Banovci
0%
Bilaj-Ribnik
0%
Blata
0%
Borovo-Trpinja
0%
Borut
0%
Brđani Krajiški
0%
Brdašce
0%
Brezine-Bujavica
0%
Brezovljani
0%
Bulići
0%
Ćabrunići
0%
Ćabrunići Selo
0%
Cera
0%
Cerna
0%
Cerovljani
0%
Cerovlje
0%
Dabar
0%
Dalmatinska Ostrovica
0%
Đeletovci Stajalište
0%
Đergaj
0%
Desinec
0%
Dobrovac
0%
Doliće
0%
Donja Vrijeska
0%
Donji Dolac
0%
Donji Lipovec
0%
Dujmovača
0%
Dukovec
0%
Gaboš
0%
Galižana
0%
Galovci
0%
Gomirje
0%
Gornji Zvečaj
0%
Graboštani
0%
Gradište
0%
Grginac
0%
Grginac Novi
0%
Haganj
0%
Heki
0%
Heki Stajalište
0%
Hraščina-Trgovišće
0%
Hrastovac
0%
Hrastovac-Vučki
0%
Hrsovo
0%
Hum u Istri
0%
Jurdani
0%
Juršići
0%
Jušići
0%
Kaldrma
0%
Klokočevac
0%
Komin
0%
Kopno
0%
Koreničani
0%
Krajcar Brijeg
0%
Krnjevo
0%
Kruškovac
0%
Krušljevec
0%
Krvavac
0%
Kukunjevac
0%
Kula Norinska
0%
Kuljevčica
0%
Ladimirevci
0%
Lička Jesenica
0%
Lički Osik
0%
Lički Podhum
0%
Ličko Cerje
0%
Lipovac-Koritna
0%
Ljubošina
0%
Lovinac
0%
Lužani-Malino
0%
Madžarevo
0%
Mahično
0%
Mandalina
0%
Markovac
0%
Markušica-Antin
0%
Maslenjača
0%
Mavračići
0%
Melnice
0%
Niza
0%
Novaki
0%
Novi Dalj
0%
Novi Jankovci
0%
Nugla
0%
Orolik
0%
Oštarije Ravnice
0%
Ostrovo
0%
Pađene
0%
Papići
0%
Permani
0%
Perušić
0%
Pešćenica
0%
Planjane
0%
Podrute
0%
Poljana
0%
Poljanka
0%
Potočani-Katinac
0%
Poznanovec
0%
Prečec Stajalište
0%
Preslo
0%
Primorski Dolac
0%
Primorski Sveti Juraj
0%
Primorsko Vrpolje
0%
Pristava Krapinska
0%
Prljevo
0%
Ražine
0%
Ričice
0%
Ripište
0%
Ročko Polje
0%
Rokovci
0%
Rovišće
0%
Rudopolje
0%
Rukavac
0%
Sadine
0%
Sarvaš
0%
Šaš
0%
Savičenta
0%
Sedramić
0%
Šibenik Luka
0%
Šijana
0%
Škodinovac
0%
Slakovci
0%
Smoljanci
0%
Srijemske Laze
0%
Šrinjari
0%
Stabilna
0%
Stare Plavnice
0%
Stari Slatinik
0%
Staza
0%
Stažnjevec
0%
Štikada
0%
Štrucljevo
0%
Studenci
0%
Šušnjevo Selo
0%
Tepljuh
0%
Velika Ves
0%
Veliko Trojstvo
0%
Vinkovački Banovci
0%
Vinkovačko Novo Selo
0%
Višnjica
0%
Vodnjan Stajalište
0%
Vojnovak
0%
Vratišinec
0%
Vukovje
0%
Žabjak
0%
Zalesina
0%
Zaluka
0%
Zapolje
0%
Zid Katalena
0%
Žitnić
0%
Živaja
0%
Zlobin
0%
Zorkovac
0%
Zrmanja
0%
Žrnovac
0%
No matching quizzes found
Score Distribution
Percent of People with Each Score
Percentile by Number Answered
Your Score History
You have not taken this quiz since the last reset